|
|
|
|
| LEADER |
02276nam a2200409 i 4500 |
| 001 |
37078 |
| 003 |
BD-DhAAL |
| 005 |
20211111131047.0 |
| 008 |
200218t2019 nyua b 001 0 eng d |
| 999 |
|
|
|c 41681
|d 41681
|
| 010 |
|
|
|a 2019014726
|
| 020 |
|
|
|a 9780241399231
|
| 020 |
|
|
|a 9781324004219 (hardcover)
|
| 040 |
|
|
|a DLC
|b eng
|c DLC
|e rda
|d DLC
|d BD-DhAAL
|
| 042 |
|
|
|a pcc
|
| 043 |
|
|
|a n-us---
|
| 050 |
0 |
0 |
|a HC110.W4
|b S75 2019
|
| 082 |
0 |
0 |
|a 330.973
|2 23
|
| 100 |
1 |
|
|a Stiglitz, Joseph E.
|9 39341
|
| 245 |
1 |
0 |
|a People, power, and profits :
|b progressive capitalism for an age of discontent /
|c Joseph E. Stiglitz.
|
| 250 |
|
|
|a First Edition.
|
| 260 |
|
|
|a London :
|b Allen Lane, an imprint of Penguin Books,
|c c2019
|
| 300 |
|
|
|a xxvii, 371 pages :
|b illustrations ;
|c 25 cm.
|
| 504 |
|
|
|a Includes bibliographical references (pages 257-352) and index.
|
| 505 |
0 |
|
|a Losing the way -- Introduction -- Toward a more dismal economy -- Exploitation and market power -- America at war with itself over globalization -- Finance and the American crisis -- The challenge of new technologies -- Why government? -- Reconstructing American politics and economics : the way forward -- Restoring democracy -- Restoring a dynamic economy with jobs and opportunity for all -- A decent life for all -- Reclaiming America -- Acknowledgments -- Notes -- Index.
|
| 526 |
|
|
|a CSE
|
| 541 |
|
|
|a Hye Trade International
|e 37078, 37079
|
| 650 |
|
0 |
|a Wealth
|x Social aspects
|z United States.
|9 39342
|
| 650 |
|
0 |
|a Rich people
|x Social aspects
|z United States.
|9 39343
|
| 650 |
|
0 |
|a Corporations
|x Social aspects
|z United States.
|9 39344
|
| 650 |
|
0 |
|a Equality
|x Social aspects
|z United States.
|9 39345
|
| 651 |
|
0 |
|a United States
|x Economic policy
|y 21st century.
|9 39346
|
| 651 |
|
0 |
|a Computer science
|9 42570
|
| 852 |
|
|
|a Ayesha Abed Library
|c General Stacks
|
| 942 |
|
|
|2 ddc
|c BK
|
| 952 |
|
|
|0 0
|1 0
|2 ddc
|4 0
|6 330_973000000000000_STI
|7 0
|9 67872
|a BRACUL
|b BRACUL
|c GEN
|d 2020-02-09
|e Hye Trade International
|g 1344.00
|l 0
|o 330.973 STI
|p 3010037078
|r 2020-02-09
|t 1
|v 1344.00
|w 2020-02-09
|y BK
|
| 952 |
|
|
|0 0
|1 0
|2 ddc
|4 0
|6 330_973000000000000_STI
|7 0
|9 67873
|a BRACUL
|b BRACUL
|c GEN
|d 2020-02-09
|e Hye Trade International
|g 1344.00
|l 1
|m 3
|o 330.973 STI
|p 3010037079
|q 2026-06-22
|r 2025-02-22
|s 2025-02-22
|t 2
|v 1344.00
|w 2020-02-09
|y BK
|